000 00711nam a22002537a 4500
001 15458
003 BD-RjUL
005 20211208235823.0
008 140210s1981 ii ||||| |||| 001 0 eng d
035 _a(BD-RjUL)15512
040 _aBD-RjUL
_beng
_cBD-RjUL
_dBD-RjUL
041 _aeng
082 _a657
_bKHP 1981
100 1 _aKhanna, B.S.
_948013
245 1 0 _aPractical costing /
_cB.S.Khanna, I.M. Pandey, G.K. Ahuja
260 _aNew dheli:
_bS. Cchand & Com.Ltd.
_c1981.
300 _a688p.:
_bill.
_c21 cm.
504 _aIncludes Index.
650 0 _a Accounting.
_948014
650 0 _aCosting accounting.
_948015
700 _aPandey, I.M.
_948016
700 _aAhuja, G.K.
_948017
942 _2ddc
_cBK
999 _c15458
_d15458